| 000 | 00868nam a2200205 a 4500 | ||
|---|---|---|---|
| 003 | 0 | ||
| 005 | 20250625094350.0 | ||
| 008 | 021115s19uu xx 00 eng d | ||
| 050 |
_aPGS HF 5415.33.P6 _b.D313 1999 |
||
| 100 | _aDefensor, Alphonso Emmanuel N. | ||
| 245 |
_aHow the current economic crisis has affected the choice of car of the Filipino consumer / _cAlphonso Emmanuel N. Defensor. |
||
| 260 |
_aLas Piñas City, Philippines : _bSouthville International School and Colleges, _c1999. |
||
| 300 |
_a41 pages : _bcolored illustrations ; _c28 cm. |
||
| 504 | _aIncludes bibliographical references. | ||
| 650 |
_aConsumer behavior _zPhilippines. |
||
| 650 |
_aEconomic conditions _zPhilippines _v1998–1999. |
||
| 650 |
_aAutomobiles _zPhilippines _vPurchasing. |
||
| 650 |
_aAutomobile industry and trade _zPhilippines _vEconomic aspects. |
||
| 942 |
_2lcc _cPASS |
||
| 999 |
_c96195 _d96195 |
||